Procesamiento inteligente de alarmas en plantas hidroeléctricas
Enregistré dans:
| Auteur principal: | |
|---|---|
| Format: | Livre |
| Publié: |
San José, C.R.
1998
|
| Sujets: | |
| Tags: |
Ajouter un tag
Pas de tags, Soyez le premier à ajouter un tag!
|
MARC
| LEADER | 00000nam a2200000Ia 4500 | ||
|---|---|---|---|
| 003 | 008483 | ||
| 005 | 20221231144223.0 | ||
| 008 | 140114s1998 cr a m 000 ||s d | ||
| 040 | |c cru CEDI | ||
| 090 | |a TFG 3854 | ||
| 100 | |a Treminio Galván, Javier José |9 9009 | ||
| 245 | |a Procesamiento inteligente de alarmas en plantas hidroeléctricas | ||
| 260 | |c 1998 |a San José, C.R. | ||
| 300 | |a ix, 69 hojas : ilustraciones a color | ||
| 500 | |a Tesis (licenciatura en ingeniería eléctrica)--Universidad de Costa Rica. Facultad de Ingeniería. Escuela de Ingeniería Eléctrica | ||
| 650 | |x ALARMAS (ELECTRONICA) |x CENTRALES HIDROELECTRICAS - MEDIDAS DE SEGURIDAD |9 9010 | ||
| 942 | |c TFG | ||
| 999 | |c 18629 |d 18629 | ||
